Vegetable grafting: Principles and practices.

Although the benefits of using grafted transplants are now fully recognized worldwide, the need to enlighten the scientific basis of rootstock-scion interactions under variable environmental pressures remains vital for extracting grafting-mediated crop improvement. This has prompted the COST (Europe...

Descrizione completa

Salvato in:
Dettagli Bibliografici
Autori principali: Colla, Giuseppe (Autore), Pérez-Alfocea, Francisco (Autore), Schwarz, Dietmar (Autore)
Natura: Libro
Lingua:inglese
Pubblicazione: Oxford, United Kingdom: CABI, 2017.
Edizione:1st ed.
Soggetti:
Accesso online:Disponible Online
Tags: Aggiungi Tag
Nessun Tag, puoi essere il primo ad aggiungerne!!

MARC

LEADER 00000cam a2200000 a 4500
001 UCC5337
003 CL-VaPUC
005 20241204105015.0
008 181005e20170000uk |||||||||||||||||eng|d
999 |c 372590  |d 372588 
010 |a 2016057959 
020 |a 9781780648972 
020 |a 9781780648989 (eBook) 
024 |a 10.1079/9781780648972.0000  |2 doi 
040 |c Pontificia Universidad Católica de Valparaíso 
082 0 4 |a 635.154  |b COL  |2 21 
100 0 |a Colla, Giuseppe  |e author  |9 599662 
245 1 0 |a Vegetable grafting:  |b Principles and practices. 
250 |a 1st ed. 
260 |a Oxford, United Kingdom:  |b CABI,  |c 2017. 
300 |a 278 páginas. 
506 1 |a Open Access 
520 |a Although the benefits of using grafted transplants are now fully recognized worldwide, the need to enlighten the scientific basis of rootstock-scion interactions under variable environmental pressures remains vital for extracting grafting-mediated crop improvement. This has prompted the COST (European Cooperation in Science and Technology) Action FA1204 entitled 'Vegetable grafting to improve yield and fruit quality under biotic and abiotic stress conditions' aimed at systematizing research findings. The COST action allowed the development of a multidisciplinary network of partners targeting the root system and employing rootstock breeding to unravel the mechanisms behind rootstock-mediated crop improvement: the enhancement of productivity and fruit quality, and the sustainability of vegetable crops under multiple and combined stresses. The current book is the major output of the COST Action and contains nine chapters drawing on the 2012-16 activities of four Working Groups (WGs) dealing with 'Genetic resources and rootstock breeding' (WG1), 'Rootstock-scion interactions and graft compatibility' (WG2), 'Rootstock-mediated resistance to biotic and abiotic stresses' (WG3) and 'Rootstock-mediated improvement of fruit quality' (WG4). While recent advances of scientific knowledge constitute the core of this COST book, valuable practical information is also provided on rootstock-scion combinations, on applicable grafting methods, on the establishment of grafted transplants and on recommendations for the use of grafted plants as an effective tool for sustainable vegetable production. This book is compiled as a collection of scientific information and as a practical tool aimed at both the people involved in the commercial production and cultivation of grafted plants, as well as researchers interested in an understanding of the science and technology behind a grafted plant. 
583 |a last modification  |c 20181005 11:02:00  |k Rodrigo Vera 
650 0 |a Trasplante de plantas  |9 715221  |x Portainjertos  |x Mejora cultivos frutales 
650 0 |a Estrés vegetal  |9 893778  |x Cultivos de hortalizas 
650 0 |a Propagación de plantas  |9 339631  |x Horticultura sostenible 
700 0 |a Pérez-Alfocea, Francisco  |e author  |9 599663 
700 0 |a Schwarz, Dietmar  |e author  |9 599664 
856 |u https://www.cabidigitallibrary.org/doi/epdf/10.1079/9781780648972.0000  |y Disponible Online 
942 |c BK  |2 ddc  |n 0 
945 |d 20181005 11:02:00  |a dcastane 
952 |0 0  |1 0  |3 erd  |4 0  |6 635_154000000000000_COL_2017  |7 0  |8 A  |9 490273  |a BIBAGR  |b BIBAGR  |i 5504651  |l 1  |o 635.154 COL 2017  |p 5504651  |r 2025-01-20  |s 2024-11-04  |w 2019-11-24  |y BK  |z Catalogado en:20181005  |k AGR 
952 |0 0  |1 0  |2 ddc  |4 0  |6 635_154000000000000_COL_2017  |7 5  |9 597999  |a BIBAGR  |b BIBAGR  |c ONLINE  |d 2024-11-14  |i 372590  |o 635.154 COL 2017  |p 372590  |r 2024-11-14  |w 2024-11-14  |y EBK  |k AGR